The Sannyasi rebellion : (Record no. 22020)

MARC details
000 -LEADER
fixed length control field 01331cam a22003257a 4500
001 - CONTROL NUMBER
control field 3380229
003 - CONTROL NUMBER IDENTIFIER
control field BDDh-ASL
005 - DATE AND TIME OF LATEST TRANSACTION
control field 20231015030057.0
007 - PHYSICAL DESCRIPTION FIXED FIELD--GENERAL INFORMATION
fixed length control field heuamb---baca
007 - PHYSICAL DESCRIPTION FIXED FIELD--GENERAL INFORMATION
fixed length control field herbmb---baaa
008 - FIXED-LENGTH DATA ELEMENTS--GENERAL INFORMATION
fixed length control field 880818r19881985ii bb s000 0 eng
010 ## - LIBRARY OF CONGRESS CONTROL NUMBER
LC control number 87906936
025 ## - OVERSEAS ACQUISITION NUMBER
Overseas acquisition number I E 55619
040 ## - CATALOGING SOURCE
Original cataloging agency DLC
Transcribing agency DLC
Modifying agency DLC
043 ## - GEOGRAPHIC AREA CODE
Geographic area code a-ii---
050 00 - LIBRARY OF CONGRESS CALL NUMBER
Classification number Microfiche 87/60168 (H)
082 ## - DEWEY DECIMAL CLASSIFICATION NUMBER
Classification number 954.03
Item number CHS
100 1# - MAIN ENTRY--PERSONAL NAME
Personal name Misra, B. P.
245 14 - TITLE STATEMENT
Title The Sannyasi rebellion :
Remainder of title the sociology and economics of a conflict in sub-Himalayan Bengal /
Statement of responsibility, etc. B.P. Misra.
260 ## - PUBLICATION, DISTRIBUTION, ETC.
Place of publication, distribution, etc. [Raja Rammohanpur], India :
Name of publisher, distributor, etc. Centre for Himalayan Studies, North Bengal University,
Date of publication, distribution, etc. 1985.
300 ## - PHYSICAL DESCRIPTION
Extent 74, v p. :
Dimensions 27 cm.
490 1# - SERIES STATEMENT
Series statement Occasional paper ;
Volume/sequential designation 1
500 ## - GENERAL NOTE
General note Master microform held by: DLC.
504 ## - BIBLIOGRAPHY, ETC. NOTE
Bibliography, etc. note Bibliography: p. [i]-v.
520 ## - SUMMARY, ETC.
Summary, etc. Revised version of a paper presented at a seminar held at the Centre for Himalayan Studies, University of North Bengal on May 10, 1985.
533 ## - REPRODUCTION NOTE
Type of reproduction Microfiche.
Place of reproduction New Delhi :
Agency responsible for reproduction Library of Congress Office ;
Place of reproduction Washington, D.C. :
Agency responsible for reproduction Library of Congress Photoduplication Service,
Date of reproduction 1988.
Physical description of reproduction 1 microfiche ; 11 x 15 cm.
830 #0 - SERIES ADDED ENTRY--UNIFORM TITLE
Uniform title Occasional paper (University of North Bengal. Centre for Himalayan Studie) ;
Volume/sequential designation 1.
906 ## - LOCAL DATA ELEMENT F, LDF (RLIN)
a 7
b cbc
c orignew
d 5
e ncip
f 19
g y-genmicro
942 ## - ADDED ENTRY ELEMENTS (KOHA)
Source of classification or shelving scheme Dewey Decimal Classification
Koha item type Books
Holdings
Withdrawn status Lost status Source of classification or shelving scheme Damaged status Not for loan Collection code Home library Current library Shelving location Date acquired Source of acquisition Total Checkouts Full call number Barcode Date last seen Copy number Price effective from Koha item type Public note
    Dewey Decimal Classification     Non-fiction Asiatic Society Library Asiatic Society Library General Stacks 02/20/2021 ASB Library Collections   954.03 CHS 106122 02/20/2021 C-1 02/20/2021 Books RARE

Powered by Koha